000 00534nam a2200193 a 4500
001 3318
005 20140414131913.0
008 040715s19uu xx 00 eng d
020 _a1-84135-078-8
050 _aER
_bD65 2001
100 _aBiro, Val
245 _aDonkey and the lapdog (The) :
_band the lion and the mouse /
_cby Val Biro.
260 _aLondon :
_bAward Pub.,
_c2001.
300 _a1 v. p. : ill. ; cm.
440 _aAesop's Fables
650 _aAnimals
_xFiction.
650 _aChildren stories.
999 _c111293
_d111293